Formule 1 - Pilotes en Images - Statistiques

Statistiques générales
  • Ce quiz a été pris 2 263 fois
  • Le résultat moyen est 18 sur 20
Statistiques - réponses
Par images Réponse % Correct
Lewis Hamilton
100%
Charles Leclerc
99%
Max Verstappen
99%
Pierre Gasly
98%
Lando Norris
97%
Carlos Sainz
95%
Esteban Ocon
95%
Fernando Alonso
94%
George Russell
93%
Yuki Tsunoda
93%
Oscar Piastri
92%
Sergio Perez
92%
Valtteri Bottas
91%
Lance Stroll
89%
Alexander Albon
88%
Daniel Ricciardo
88%
Nico Hulkenberg
87%
Kevin Magnussen
82%
Guanyu Zhou
78%
Logan Sargeant
68%
Aucun quiz correspondant
Distribution des résultats
% des personnes avec chaque résultat
Percentile par nombre de réponses
Votre historique - résultats
Vous n’avez pas pris ce quiz